书目信息 |
| 题名: |
中国古代音乐思想
|
|
| 作者: | 陈四海 著 | |
| 分册: | ||
| 出版信息: | 西安 陕西师范大学出版社 2010.09 |
|
| 页数: | 496页 | |
| 开本: | 20cm | |
| 丛书名: | ||
| 单 册: | ||
| 中图分类: | J609.22 | |
| 科图分类: | ||
| 主题词: | 音乐--艺术理论 , 音乐学 , 音乐社会学 | |
| 电子资源: | ||
| ISBN: | 7-5613-5253-0 | |
| 000 | 00638nam0 2200217 450 | |
| 001 | 1638600682 | |
| 005 | 20160830104555.96 | |
| 010 | @a7-5613-5253-0@dCNY 56.00 | |
| 100 | @a20160830d2010 km y0chiy0120 ea | |
| 101 | 0 | @achi |
| 102 | @aCN@b610000 | |
| 200 | 1 | @a中国古代音乐思想@Azhong guo gu dai yin yue si xiang@f陈四海著@Fchen si hai zhu |
| 210 | @a西安@c陕西师范大学出版社@d2010.09 | |
| 215 | @a496页@d20cm | |
| 606 | 0 | @a音乐@x艺术理论 |
| 606 | 0 | @a音乐学 |
| 606 | 0 | @a音乐社会学 |
| 690 | @aJ609.22@v4 | |
| 701 | 0 | @a陈四海@Achen si hai@4著 |
| 801 | 0 | @aCN@b大连网信软件有限公司图书馆·11@c20160830 |
| 905 | @aZUCC@dJ609.22@eC562 | |
| 中国古代音乐思想/陈四海著.-西安:陕西师范大学出版社,2010.09 |
| 496页;20cm |
| ISBN 7-5613-5253-0:CNY 56.00 |
| ● |
| 相关链接 |
|
|
|
正题名:中国古代音乐思想
索取号:J609.22/C562
 
预约/预借
| 序号 | 登录号 | 条形码 | 馆藏地/架位号 | 状态 | 备注 |
| 1 | 1238281 | 212382811 | 社科库309/309社科库 92排1列1层/ [索取号:J609.22/C562] | 在馆 | |
| 2 | 1238282 | 212382820 | 社科库309/309社科库 92排1列1层/ [索取号:J609.22/C562] | 在馆 |